000 00520nam a2200193Ia 4500
005 20250122034302.0
008 240331s9999 xx 000 0 und d
020 _a8186706410
082 _bDEM
_24576
_a305.4
100 _aDe Mel, N
245 0 _aWomen and the Nation's Narrative:
_bGender and Nationalism in Twentieth Century Sri Lanka
260 _aNew Delhi
_bKali for Women
_c2001
300 _ax, 293 p.,
650 _aWomen
650 _aGender
650 _aColonialism
650 _aNationalism
942 _cL
999 _c1637
_d1637